|
|
|
|
| LEADER |
01013pam a22003618a 4500 |
| 001 |
00032483 |
| 005 |
20171026081025.0 |
| 008 |
140910s2014 ||||||Viesd |
| 020 |
# |
# |
|a 9786045014974
|
| 041 |
0 |
# |
|a Vie
|
| 082 |
1 |
4 |
|a 390.095 974 5
|b TH502PH
|
| 100 |
1 |
# |
|a Đặng, Thị Kim Liên
|
| 245 |
1 |
0 |
|a Thuần phong mỹ tục phụ nữ Quảng Bình
|c Đặng Thị Kim Liên
|
| 260 |
# |
# |
|a Hà Nội
|b Văn hóa thông tin
|c 2014
|
| 300 |
# |
# |
|a 371 tr.
|c 21 cm.
|
| 500 |
# |
# |
|a ĐTTS ghi : Hội văn nghệ dân gian Việt Nam
|
| 653 |
# |
# |
|a Nghi lễ
|
| 653 |
# |
# |
|a Văn hóa dân gian
|
| 653 |
# |
# |
|a Việt Nam
|
| 653 |
# |
# |
|a Quảng Bình
|
| 653 |
# |
# |
|a Phụ nữ
|
| 653 |
# |
# |
|a Phong tục
|
| 852 |
# |
# |
|j KD.0015945
|
| 852 |
# |
# |
|b Kho đọc
|j KD.0015945
|
| 910 |
# |
# |
|d 10/9/2014
|
| 980 |
# |
# |
|a Trung tâm Học liệu Lê Vũ Hùng, Trường Đại học Đồng Tháp
|